Tous les objets de The Legend of Zelda Ocarina of Time - Statistiques

Statistiques générales
  • Ce quiz a été pris 132 fois
  • Le résultat moyen est 30 sur 66
Statistiques - réponses
Indice Réponse % Correct
épée épée kokiri
94%
bouclier bouclier hylien
90%
épée épée de légende
90%
bouclier bouclier miroir
88%
tunique tunique goron
88%
tunique tunique zora
88%
tunique tunique kokiri
85%
épée épée biggoron
82%
bouclier bouclier mojo
73%
magie feu de din
71%
arme grappin
69%
magie vent de farore
68%
objets consommables bombes
67%
objet consommable noix mojo
67%
arme boomerang
64%
pierre ancestrale emeraude kokiri
63%
pierre ancestrale rubis goron
63%
pierre ancestrale saphir zora
63%
objet consommable baton mojo
62%
magie amour de nayru
55%
objets consommables fleches
55%
medaillon medaillon de la foret
55%
medaillon medaillon de l'eau
55%
medaillon medaillon de l'ombre
54%
medaillon medaillon de la lumiere
51%
objets bottes de plomb
50%
medaillon medaillon de l'esprit
50%
objet monocle de vérité
49%
arme lance-pierres
48%
objet bouteille
46%
objet fleche de feu
45%
arme arc des fées
44%
objet fleche de lumiere
44%
objets consommables graines mojo
44%
objet fleche de glace
43%
arme masse des titans
42%
medaillon medaillon de feu
40%
masque masque du lapin
40%
masque masque zora
38%
masque masque goron
37%
accessoire bracelet goron
36%
masque masque renard
36%
masque masque de vérité
33%
objets consommables missiles teigneux
33%
objet ocarina du temps
33%
arme super grappin
32%
accessoire ecaille d'argent
31%
accessoire ecaille d'or
31%
masque masque gerudo
31%
accessoire sac de bombes
31%
accessoire carquois
30%
objet consommable haricot magique
30%
objets bottes des airs
27%
masque masque d'effroi
27%
masque masque de mort
24%
objet ocarina des fées
24%
pierre pierre de souffrance
24%
accessoire grand carquois
20%
accessoire grand sac de bombes
20%
accessoire enorme carquois
15%
accessoire sac de graines
15%
accessoire enorme sac de bombes
14%
accessoire grand sac de graines
10%
accessoire enorme sac de graines
7%
accessoire gandelet d'argent
5%
accessoire gandelet d'or
5%
Aucun quiz correspondant
Distribution des résultats
% des personnes avec chaque résultat
Percentile par nombre de réponses
Votre historique - résultats
Vous n’avez pas pris ce quiz